000 00665nam a2200253Ia 4500
003 OSt
005 20220918164907.0
006 a|||||r|||| 00| 0
007 ta
008 220917b |||||||| |||| 00| 0 eng d
020 _a0807106550
024 _a29,484
037 _cTextual
040 _aARTS
_cARTS
_beng
041 _2eng
_aeng
082 _aO111,3N25:g, M0
100 _aColes Robert
245 0 _aFlannery 0'Connor's South
260 _aLondon
_bLouisiana state univ UK
_c1980
300 _axiii, 161p.
_ccm.
650 _aENGLISH LITERATURE
942 _hO111,3N25:g, M0
_cTEXL
_2CC
999 _c127271
_d127271